| 000 | 00396cam a2200169ua 4500 | ||
|---|---|---|---|
| 020 | _c2.00 | ||
| 041 |
_ahin _h |
||
| 082 |
_a891.54 _bHAN/UN |
||
| 100 | _aHansraj, Rahbar . | ||
| 245 |
_aUnmad / _cHansraj Rahbar. _hTextual Documents |
||
| 260 |
_a : _bHind Pocket Books Pvt Ltd , _c1959. |
||
| 300 | _a142 ; . | ||
| 365 | _a2.00 | ||
| 504 | _a | ||
| 942 | _cBK | ||
| 999 |
_c11861 _d11861 |
||